000 00328nam a22001457a 4500
008 211011b ||||| |||| 00| 0 eng d
020 _a9780521654180
041 _aeng
080 _a71
082 _a71
100 _a44
101 _aARK
245 _aDistributed Object Architectures with Cobra
_cBalen,H
942 _2udc
_cBK
999 _c58129
_d58129